Ruské geopolitické iluze a Čína
Hlavné tézy novej koncepcie zahraničnej politiky Ruska. Rozpory v hodnotení rusko-čínskych vzťahov. Vzťahy Ruska so susednými štátmi.
Guardado en:
| Autor principal: | |
|---|---|
| Formato: | Capítulo de libro |
| Lenguaje: | checo |
| Materias: | |
| Etiquetas: |
Sin Etiquetas, Sea el primero en etiquetar este registro!
|
MARC
| LEADER | 00000naa a2200000 4500 | ||
|---|---|---|---|
| 001 | r039588 | ||
| 005 | 20230927120824.6 | ||
| 041 | 0 | |a cze | |
| 044 | |a CZ | ||
| 245 | 1 | 0 | |a Ruské geopolitické iluze a Čína |c Dimitrij Běloševský |
| 520 | |a Hlavné tézy novej koncepcie zahraničnej politiky Ruska. Rozpory v hodnotení rusko-čínskych vzťahov. Vzťahy Ruska so susednými štátmi. | ||
| 610 | 2 | 0 | |a politika zahraničná |
| 610 | 2 | 0 | |a politika zahraničnohospodárska |
| 610 | 2 | 0 | |a Rusko |
| 610 | 2 | 0 | |a Čína |
| 610 | 2 | 0 | |a reformy hospodárske |
| 610 | 2 | 0 | |a politológia |
| 100 | 1 | |a Běloševský, Dimitrij | |